000 00329nam a22001457a 4500
008 210312b ||||| |||| 00| 0 eng d
020 _a9781111352516
041 _aeng
080 _211th
_a34
082 _a34
100 _a13
101 _aJUR
245 _aJuvenile Theory, Practice and Law
_cSiegel, L. J
942 _2udc
_cBK
999 _c56613
_d56613